World City Nicknames : Sudden Death - Statistics

General Stats
  • This quiz has been taken 39 times
  • The average score is 5 of 17
Answers on the Grid
Answers color-coded by a green-red scale on the quiz's grid according to % correct below.
Love : Paris
The Big Apple : New York
Sin City : Las Vegas
Windy City : Seattle
Magic City : Miami
Venice of the North : Rotterdam
Floating City : Venice
Eternal City : Milan
City of Dreams : Mumbai
Pink City : Jodhpur
Oxford of the East : Bombay
Diamond City : Vadodara
City of Counts : Barcelona
White City : Stockholm
Grey City : Berlin
Tiger City : Oslo
Mother city : Cape Town
City of the Kings : Lima
The Rose City : Petra
Oyster City : Macau
Marrakesh : Red City
The Square Mile : London
Little Big City : Zurich
The invincible City : Porto
 
Answer Stats
Answer % Correct
The Big Apple : New York
88%
Sin City : Las Vegas
78%
Love : Paris
69%
Floating City : Venice
56%
Marrakesh : Red City
47%
The Square Mile : London
44%
In Jordan. The Rose City : Petra
25%
City of the Kings : Lima
19%
Magic City : Miami
19%
Oyster City : Macau
19%
Grey City : Berlin
16%
Little Big City : Zurich
16%
City of Dreams : Mumbai
9%
Mother city : Cape Town
9%
City of Counts : Barcelona
6%
The invincible City : Porto
3%
Tiger City : Oslo
3%
No matching quizzes found
Score Distribution
Percent of People with Each Score
Percentile by Number Answered
Your Score History
You have not taken this quiz